Adult and pediatric urology. (4th ed.) (Record no. 30707)

MARC details
000 -LEADER
fixed length control field 00858nam a2200229 a 4500
008 - FIXED-LENGTH DATA ELEMENTS--GENERAL INFORMATION
fixed length control field 111005s2002 ||||||||||||||||| || u
020 ## - INTERNATIONAL STANDARD BOOK NUMBER
International Standard Book Number 0781732204
050 ## - LIBRARY OF CONGRESS CALL NUMBER
Classification number RC 871 Adu
100 ## - MAIN ENTRY--PERSONAL NAME
Personal name Gillenwater, Jay Y
245 10 - TITLE STATEMENT
Title Adult and pediatric urology. (4th ed.)
Statement of responsibility, etc. edited by Jay Y. Gillenwater, [and others]
250 ## - EDITION STATEMENT
Edition statement 4th ed.
260 ## - PUBLICATION, DISTRIBUTION, ETC.
Place of publication, distribution, etc. Philadelphia:
Name of publisher, distributor, etc. Lippincott Williams & Wilkins
Date of publication, distribution, etc. 2002
300 ## - PHYSICAL DESCRIPTION
Extent xii, 1019 (various pagings): ill.
350 ## -
-- 0.00
650 ## - SUBJECT ADDED ENTRY--TOPICAL TERM
Topical term or geographic name entry element UROLOGIC DISEASES
650 ## - SUBJECT ADDED ENTRY--TOPICAL TERM
Topical term or geographic name entry element GENITOURINARY ORGANS--DISEASES
650 ## - SUBJECT ADDED ENTRY--TOPICAL TERM
Topical term or geographic name entry element UROLOGY
650 ## - SUBJECT ADDED ENTRY--TOPICAL TERM
Topical term or geographic name entry element PEDIATRIC UROLOGY
700 ## - ADDED ENTRY--PERSONAL NAME
Personal name Grayhack, John J
700 ## - ADDED ENTRY--PERSONAL NAME
Personal name Howards, Stuart S
995 ## -
-- MEDICAL LIBRARY OPEN ACCESS
-- 0.00
-- 901490
-- CBU-SCHOOL OF MEDICINE LIBRARY (Ndola)
-- 1
-- 0.00
-- RC 871 ADU
-- 1
-- AVAILABLE
-- Dec 8, 2011
-- 901490
-- Medical Library Open Access Collection
999 ## -
-- 30707
-- 30707
Holdings
Withdrawn status Lost status Source of classification or shelving scheme Damaged status Not for loan Permanent Location Current Location Shelving location Date acquired Total Checkouts Full call number Barcode Date last seen Price effective from Koha item type
          CBU-SCHOOL OF MEDICINE LIBRARY, NDOLA. CBU-SCHOOL OF MEDICINE LIBRARY, NDOLA.   11/30/2022   RC 871 Adu 901490 11/30/2022 11/30/2022 MONOGRAPH